01302cam a22002891 4500001001300000003000400013005001700017008004100034010001700075035002000092040005500112042001200167050002500179082001200204100002500216245006300241260005400304300004900358490006600407500018100473500007700654500008000731650003500811650004800846700004900894830006900943l 44000191 DLC20260227111539.0910913r19441944dcua f000 0 eng c al 44000191  a(OCoLC)24369509 aU.S. Dept. of Labor. LibrarycCLUdCLUdOCoLCdDLC apremarc00aHD8051b.A62 no. 789 a331.8361 aSchell, Emil Daniel.10aCost of clothing for moderate-income families, 1935-44 ... aWashington, D.C.,bU.S. Govt. Print. Off.c[1944] a1 p. l., 30 p. incl. tables, diagrs.c23 cm.1 aUnited States. Bureau of Labor Statistics. Bulletin,vno. 789 aAt head of title: United States Dept. of Labor, France Perkins, secretary. Bureau of labor statistics, Isador Lubin, commissioner (on leave) A.F. Hinrichs, acting commissioner. a"Prepared by Emil D. Schell and Laura Mae Webb."--Letter of transmittal. a"Reprinted from the Monthly labor review, July 1944, with additional data." 0aClothing tradezUnited States. 0aCost and standard of livingzUnited States.1 aWebb, Laura Mae Brown,d1910-ejoint author. 0aBulletin of the United States Bureau of Labor Statistics ;v789.